000 00462nam a22001937a 4500
003 CEME
005 20210628205654.0
008 210312b xxu||||| |||| 00| 0 eng d
020 _a0-470-21721-9
040 _c.
082 _a621.38284 COL
100 _aColloms, Martin
_976568
245 _aHigh performance loudspeakers
250 _a4TH
260 _aNEWYORK
_bJOHN WILEY
_c1991
300 _a407P
650 _aLOUDSPEAKERS
_976569
942 _cBK
_2ddc
999 _c581936
_d581936